Philosophische Psychologie?

Αποθηκεύτηκε σε:
Λεπτομέρειες βιβλιογραφικής εγγραφής
Άλλοι συγγραφείς: Bubner, Rudiger 1941- (Επιμελητής έκδοσης), Ricoeur, Paul
Μορφή: Βιβλίο
Γλώσσα:German
English
Δημοσίευση: Gottingen : Vanderhoeck & Ruprecht, [c1977]
Σειρά:Neue Hefte fur Philosophie ; ; 11
Θέματα:
Ετικέτες: Προσθήκη ετικέτας
Δεν υπάρχουν, Καταχωρήστε ετικέτα πρώτοι!

MARC

LEADER 00000cam a2200000 i 4500
001 1/39272
008 061213s1977 ger d
035 |l 10086547 
040 |a GR-MY-UA  |b gre  |e aacr 
041 0 |a ger  |a eng 
082 0 |a 142.7  |2 (22) 
245 1 0 |a Philosophische Psychologie? /  |c Beitrage von: Paul Ricoeur...[et al.] ; herausgegeber: Rudiger Bubner, Konrad Cramer, Reiner Wiehl 
260 |a Gottingen :   |b Vanderhoeck & Ruprecht,   |c [c1977] 
300 |a 114 σ.;  |c 24 εκ. 
490 1 |a Neue Hefte fur Philosophie  |v ; 11 
500 |a Με: Phanomenologie und Sprachanalyse / Beitrge von: Gilbert Ryle...[et al.]. - Dialog als Methode / Beitrage von: Karl-Otto Apel...[et al.]. - Tendenzen der Wissenschaftstheorie / Beitrage von: Lorenz Kruger...[et al.]. - Zur Zukunft der Transzendentalphilosophie / Beitrage von: Stephan Korner...[et al.] 
650 0 0 |a Psychology  |x Philosophy. 
700 1 |a Bubner, Rudiger  |d 1941-  |4 edt 
700 1 |a Ricoeur, Paul. 
830 0 |a Neue Hefte fur Philosophie ;  |v ; 11 
852 |a INST  |b RHODES  |c KRI  |e 20061213  |h  142.7 PHA  |p 005400027361  |q 005400027361  |t BK  |y 0 
901 |a BIBL4-2006-3 
909 |a Ρ  |b 123555 
970 |a ΚΟΖΑ  |b ΜΑΡΙΑ  |z 2006/12/13